000 00574nam a2200205Ia 4500
005 20250923150110.0
008 008 250917s9999 xx 000 0 eng d
037 _aTextual
040 _aDSWL
_beng
_cDSWL
041 _aeng
_2eng
084 _aYX;4, PO1.2
_qDSWL
245 0 _aCounselling: The BACP counselling reader
_c Ed.by P Milner
260 _aLondon
_bSage Publication
_c2001
300 _a663p.
365 _aINR
_b1600.85
700 _a S Palmer
_9842208
925 _g1600.85
942 _cTEXL
_hYX;4, PO1.2
999 _c1459540
_d1459540